Central Library and Information Centre
Sibsagar Girls' College, Sivasagar : Assam

BUDDHA AND HIS MESSAGE (Record no. 10986)

MARC details
000 -LEADER
fixed length control field 00456cam a2200181ua 4500
008 - FIXED-LENGTH DATA ELEMENTS--GENERAL INFORMATION
fixed length control field 160319n II |||gr||||Z||||||eng
040 ## - CATALOGING SOURCE
Original cataloging agency MAIN
041 ## - LANGUAGE CODE
-- English
082 ## - DEWEY DECIMAL CLASSIFICATION NUMBER
Classification number 920 SWA
100 ## - MAIN ENTRY--PERSONAL NAME
Personal name SWAMI VIVEKANANDA.
245 ## - TITLE STATEMENT
Title BUDDHA AND HIS MESSAGE
260 ## - PUBLICATION, DISTRIBUTION, ETC.
Place of publication, distribution, etc. KOLKATA:
Name of publisher, distributor, etc. ADVAITA ASHRAMA,
Date of publication, distribution, etc. 2012.
300 ## - PHYSICAL DESCRIPTION
Extent 80:
Dimensions 12CM.
700 ## - ADDED ENTRY--PERSONAL NAME
Personal name SWAMI VIVEKANANDA.,
Relator term AUTHOR.
942 ## - ADDED ENTRY ELEMENTS (KOHA)
Koha item type Books
653 ## - INDEX TERM--UNCONTROLLED
Uncontrolled term Biography, genealogy & insignia
Holdings
Withdrawn status Lost status Damaged status Not for loan Collection code Home library Current library Shelving location Date acquired Full call number Barcode Date last seen Copy number Price effective from Koha item type
        General Reference Central Library and Information Centre Sibsagar Girls College Central Library and Information Centre Sibsagar Girls College Biography 18.03.1987 920 SWA 09465 27.02.2020 1 27.02.2020 Books


Sibsagar Girl's College © 2020. All rights reserved.
Powered by Koha.
Maintained by Abhijit Borpuzari.